[Event "BICAPAWN Xacobeo GP B3"]
[Site "Santiago de Compostela ESP"]
[Date "2022.10.20"]
[Round "3.7"]
[White "Shchekachev, A."]
[Black "Petrosyan, M."]
[Result "1-0"]
[WhiteElo "2510"]
[BlackElo "2609"]
[PlyCount "105"]
[EventDate "2022.10.20"]

1. Nf3 d5 2. e3 Nf6 3. c4 e6 4. b3 Bd6 5. Bb2 O-O 6. g3 Re8 7. d4 b6 8. Bg2 Bb7 9. O-O Nbd7 10. cxd5 exd5 11. Nc3 a6 12. Rc1 Qe7 ({RR} 12... Nf8 13. Re1 Ng6 14. Re2 Ne4 15. Rec2 Qe7 16. Nxe4 dxe4 17. Ne5 Bxe5 18. dxe5 Rad8 19. Qg4 c5 20. b4 Nxe5 21. Bxe5 Qxe5 22. bxc5 bxc5 23. Rxc5 Bd5 24. Bf1 Qd6 25. a4 g6 26. Qg5 Kg7 27. h4 {Bachmann,A (2560)-Sarana,A (2713) chess.com INT 2024 0-1 (31)}) 13. Re1 Rad8 14. Re2 Nf8 $146 ({RR} 14... h5 15. Rec2 Ng4 16. Qd3 Ndf6 17. h3 Nh6 18. Ne2 Ne4 19. Nd2 Nf5 20. Nf4 g6 21. Nxe4 dxe4 22. Qc4 h4 23. Nxg6 Qg5 24. Nxh4 Nxh4 25. gxh4 Qxh4 26. Qe2 f5 27. Rxc7 Bxc7 28. Rxc7 Re7 29. Rxe7 {Bachmann,A (2604)-Sarana,A (2685) chess.com INT 2023 1-0 (41)}) 15. Rec2 Ng6 16. Ne2 Ne4 17. Ne5 f6 18. Nc6 Bxc6 19. Rxc6 Qd7 20. Qd3 Ne7 21. R6c2 Qf5 22. Nf4 g5 23. Bh3 g4 24. Bg2 Ng6 25. Qxa6 Nxf4 26. exf4 h5 27. Qb5 h4 28. a4 h3 29. Bf1 Qe6 30. Qe2 f5 31. Qd1 Qf7 32. Bb5 Re7 33. Bc6 Nf6 34. Re2 Rf8 35. Re5 Kg7 36. Rxf5 Qe6 37. Rg5+ Kh6 38. Re5 Bxe5 39. dxe5 Nh5 40. Ba3 Ref7 41. Bxd5 Qf5 42. Bxf8+ Rxf8 43. Rc6+ Kg7 44. Rxc7+ Kh8 45. Bc4 Nxf4 46. gxf4 Qxf4 47. Qe1 Re8 48. Rf7 Qg5 49. e6 Kg8 50. e7 Kh8 51. Rf8+ Kg7 52. Rxe8 Qc5 53. Rg8+ 1-0

[Event "Titled Tue 18th Oct Early"]
[Site "chess.com INT"]
[Date "2022.10.18"]
[Round "6"]
[White "Abasov, N."]
[Black "Wieczorek, O."]
[Result "1-0"]
[WhiteElo "2646"]
[BlackElo "2504"]
[PlyCount "79"]
[EventDate "2022.10.18"]

1. Nf3 c5 2. e3 e6 3. d4 Nf6 4. Bd3 b6 5. c4 Bb7 6. Nc3 cxd4 7. exd4 Bb4 8. O-O O-O 9. a3 Bxc3 10. bxc3 d5 11. cxd5 Qxd5 12. c4 Qh5 13. Ne5 $146 ({RR} 13. Bb2 Nbd7 14. Re1 Rfd8 15. h3 Rac8 16. Re3 b5 17. d5 bxc4 18. dxe6 fxe6 19. Be2 Qg6 20. Qd4 Nb6 21. Qh4 Rd2 {0-1 (21) Grguric,Z (2207)-Zelcic,R (2576) Bizovac 2003}) 13... Qxd1 14. Rxd1 Rd8 15. a4 Nc6 16. Nxc6 Bxc6 17. a5 Ne4 18. Be3 Nd6 19. Rdb1 Be4 20. Bxe4 Nxe4 21. g4 Rac8 22. Rb4 Nf6 23. h3 Rc6 24. axb6 axb6 25. Ra7 h6 26. Kg2 Rdc8 27. Raa4 Ne4 28. d5 Rd6 29. dxe6 Rxe6 30. Rxb6 Rxb6 31. Bxb6 f6 32. c5 Nd2 33. Rb4 Kf7 34. f3 f5 35. Kf2 fxg4 36. hxg4 Re8 37. c6 Ke6 38. Be3 Kd5 39. Rd4+ Kxc6 40. Rxd2 1-0

[Event "Titled Tue 18th Oct Early"]
[Site "chess.com INT"]
[Date "2022.10.18"]
[Round "8"]
[White "Visakh, N R"]
[Black "Matlakov, M."]
[Result "1-0"]
[WhiteElo "2566"]
[BlackElo "2662"]
[PlyCount "105"]
[EventDate "2022.10.18"]

1. Nf3 g6 2. g3 Bg7 3. Bg2 e5 4. e4 Nc6 5. d3 Nf6 6. Nc3 O-O 7. O-O d6 8. h3 Be6 ({RR} 8... Ne8 9. Nd5 Be6 10. c3 Qc8 11. Kh2 h6 12. d4 exd4 13. Nxd4 Bxd5 14. exd5 Nxd4 15. cxd4 c5 16. dxc6 bxc6 17. Qa4 d5 18. Bf4 Qb7 19. Rac1 Rc8 20. Rc2 g5 21. Bd2 Nd6 22. Bb4 Rfd8 23. Bc5 {Safarli,E (2660)-Amin,B (2652) Tromsoe 2013 1-0 (91)}) 9. Re1 ({RR} 9. Ng5 Bd7 10. f4 exf4 11. Bxf4 Nh5 12. Nf3 Nxf4 13. gxf4 Nd4 14. Ne2 Nxf3+ 15. Rxf3 Bxb2 16. Rb1 Ba3 17. d4 d5 18. Rxa3 dxe4 19. Bxe4 Qe7 20. Qd3 Rae8 21. Bf3 Bf5 22. Qc3 Qh4 23. Rf1 Bxh3 {Leiva Rodriguez,J (2405)-Fishbein,A (2428) Chess.com INT 2022 1-0 (67)}) 9... h6 $146 ({RR} 9... Re8 10. Be3 Qc8 11. Kh2 d5 12. exd5 Nxd5 {½-½ (12) Horvath,Z (2390)-Csonka,B (2412) Hungary 2015}) 10. Be3 Qd7 11. Kh2 d5 12. d4 Nxe4 13. Nxe4 dxe4 14. Nxe5 Nxe5 15. dxe5 Qb5 16. Bxe4 Qxe5 17. Qf3 c6 18. c3 Qb5 19. Bd4 Bxd4 20. cxd4 Rad8 21. Qc3 Rd6 22. Re3 Rfd8 23. Rae1 Qh5 24. Bg2 Rxd4 25. Qa3 Rd2 26. Rf3 c5 27. Qxa7 Bxh3 28. Rf4 Bxg2+ 29. Kxg2 Qd5+ 30. Kg1 Rxb2 31. Qa5 Rd2 32. a4 Rd4 33. Rxd4 cxd4 34. Re8+ Rxe8 35. Qxd5 b6 36. Qxd4 Re6 37. g4 g5 38. Kg2 Kh7 39. Kg3 Kg8 40. f3 Rg6 41. Qd8+ Kg7 42. Kf2 Re6 43. Qc8 Rd6 44. Ke3 Re6+ 45. Kd4 Rd6+ 46. Ke5 Re6+ 47. Kd5 Rg6 48. Qc3+ Kg8 49. Qe3 Kg7 50. Kc4 Re6 51. Qd4+ Kg8 52. Kb5 Rg6 53. Qxb6 1-0

[Event "Titled Tue 18th Oct Early"]
[Site "chess.com INT"]
[Date "2022.10.18"]
[Round "8"]
[White "Svane, R."]
[Black "Wagner, De"]
[Result "1-0"]
[WhiteElo "2615"]
[BlackElo "2570"]
[PlyCount "97"]
[EventDate "2022.10.18"]

1. Nf3 c5 2. c4 Nf6 3. Nc3 e6 4. e3 d5 5. d4 Nc6 6. a3 dxc4 7. Bxc4 a6 8. Bd3 cxd4 9. exd4 Be7 10. O-O O-O 11. Be3 b5 12. Ne4 Nxe4 13. Bxe4 Bb7 14. Rc1 Na5 15. Bxb7 Nxb7 16. Ne5 Rc8 $146 ({RR} 16... Qd5 17. Nc6 Bd6 18. Qf3 Qxf3 19. gxf3 Rfc8 20. Rc2 Kf8 21. Rfc1 Ke8 22. Ne5 Rxc2 23. Rxc2 Na5 24. Bd2 Bxe5 25. dxe5 Nc4 26. f4 a5 27. a4 Nxd2 28. Rxd2 Rb8 29. axb5 Rxb5 30. Kg2 f6 31. exf6 {Priehoda,V (2371)-Kucera,P (2337) Czech Republic 2014 ½-½ (83)}) 17. Qf3 Nd6 18. Rxc8 Qxc8 19. Rc1 Qa8 20. Nc6 Bf6 21. g4 Nc4 22. b3 Nxe3 23. fxe3 Re8 24. e4 Qb7 25. e5 Bg5 26. Rc2 Qd7 27. Kg2 h6 28. Kg3 Rf8 29. h4 Bd8 30. a4 f6 31. Rf2 bxa4 32. bxa4 Bc7 33. Kh3 Rf7 34. Qe4 fxe5 35. Nxe5 Rxf2 36. Qa8+ Qd8 37. Qc6 Rf6 38. g5 hxg5 39. hxg5 Bxe5 40. gxf6 Bxf6 41. Qxe6+ Kh8 42. d5 Qe7 43. Qxa6 Qe3+ 44. Kg2 Qd2+ 45. Kg3 Qxd5 46. a5 Qe5+ 47. Kf3 Qc3+ 48. Ke2 Bd4 49. Qa8+ 1-0

[Event "30th TCh-MKD 2022"]
[Site "Struga MKD"]
[Date "2022.10.18"]
[Round "5.1"]
[White "Bogosavljevic, B."]
[Black "Georgiev, Ki"]
[Result "1-0"]
[WhiteElo "2533"]
[BlackElo "2538"]
[PlyCount "121"]
[EventDate "2022.10.14"]
[EventType "team"]
[WhiteTeam "PRILEP, Prilep"]
[BlackTeam "GAMBIT ASSEKO-SEE, Skopje"]

1. Nf3 d5 2. g3 c6 3. Bg2 Bg4 4. h3 Bh5 5. O-O Nd7 6. d4 e6 7. c4 Ngf6 8. cxd5 exd5 9. Qb3 ({RR} 9. Ne5 Ne4 10. Nd2 f5 11. Nxe4 fxe4 12. Bf4 Be7 13. f3 exf3 14. exf3 O-O 15. Qd2 Nxe5 16. Bxe5 Qb6 17. f4 Bf6 18. Rae1 Rae8 19. Kh2 Bg6 20. g4 Be4 21. Bxe4 dxe4 22. Rxe4 Qb5 23. Rfe1 Qd5 {Grischuk,A (2745)-Keymer,V (2700) Astana KAZ 2023 1-0 (63)}) 9... Bxf3 $146 ({RR} 9... Qb6 10. Qe3+ Be7 11. Nh4 Bg6 12. Nc3 Nf8 13. f4 h6 14. f5 Bh7 15. b3 Kd7 16. Na4 Qc7 17. Nc5+ Bxc5 18. dxc5 Re8 19. Qd4 Rxe2 20. Bf4 Qa5 21. b4 Qa3 22. Rfe1 Qb2 23. Qxb2 Rxb2 24. a3 {Lagunow,R (2378)-Goltsev,D (2292) Chess.com INT 2020 1-0 (43)}) ({RR} 9... Qb6 10. Qe3+ Be7 11. Nh4 Bg6 12. Nxg6 hxg6 13. Nc3 Nf8 14. Qd3 Ne6 15. e3 g5 16. Rd1 Rd8 17. Rb1 g4 18. hxg4 Nxg4 19. Bf3 Nf6 20. Bd2 Ng5 21. Kg2 Nxf3 22. Kxf3 Qc7 23. Rh1 O-O 24. Kg2 {Bakija,A (2101)-Snijders,T (2090) Hoogkerk NED 2024 ½-½ (47)}) 10. exf3 Nb6 11. a4 Qd7 12. a5 Nc4 13. a6 b5 14. Qd3 Be7 15. b3 Nd6 16. Na3 O-O 17. Nc2 Rfe8 18. h4 h6 19. Kh2 Qc7 20. Bd2 Qb6 21. Rfc1 Bf8 22. Bh3 Nc8 23. Kg2 c5 24. dxc5 Bxc5 25. Ne3 Ne7 26. Ba5 Qd6 27. Qxb5 Bb6 28. Bxb6 axb6 29. a7 Qd8 30. Nf5 d4 31. Nxe7+ Qxe7 32. Qxb6 d3 33. Qa5 Qb7 34. b4 d2 35. Rd1 Re2 36. Qa6 Qe7 37. Qd3 Re5 38. Rxd2 Rxa7 39. Qd8+ Kh7 40. Qd3+ Kg8 41. Qd8+ Kh7 42. Qxe7 Raxe7 43. Ra5 Re1 44. Rb2 Rb7 45. h5 Re8 46. Bf5+ Kg8 47. b5 Nxh5 48. b6 Nf6 49. Ra7 Rbb8 50. b7 g6 51. Bd3 Kg7 52. Rc2 Nd5 53. Be4 Nf6 54. Bc6 Re6 55. f4 g5 56. Bf3 Ree8 57. fxg5 hxg5 58. Ra8 g4 59. Bc6 Red8 60. Rxb8 Rxb8 61. Ra2 1-0

[Event "1000GM Hollywood Masters"]
[Site "Los Angeles USA"]
[Date "2022.10.28"]
[Round "6.8"]
[White "Stremavicius, T."]
[Black "Druska, J."]
[Result "1-0"]
[WhiteElo "2515"]
[BlackElo "2515"]
[PlyCount "93"]
[EventDate "2022.10.26"]

1. Nf3 d5 2. g3 Nd7 3. d4 Nb6 4. b3 c6 ({RR} 4... Bf5 5. Nh4 e6 6. Nxf5 exf5 7. Qd3 g6 8. Bg2 Nf6 9. O-O Be7 10. c4 c6 11. Bh6 Bf8 12. Bg5 Be7 13. a4 a5 14. Nc3 O-O 15. Bxf6 Bxf6 16. cxd5 Nxd5 17. Nxd5 cxd5 18. e3 Qd7 19. Qb5 {Carlsen,M (2864)-Wang,H (2744) Stavanger 2022 ½-½ (47)}) ({RR} 4... Bf5 5. a4 a5 6. Ba3 g6 7. Bg2 Bg7 8. O-O Nf6 9. e3 O-O 10. Nbd2 Ne4 11. Nh4 Bg4 12. Qxg4 Nxd2 13. Rfc1 Re8 14. Qd1 Ne4 15. Nf3 e6 16. c4 c6 17. Qc2 f5 18. Ne5 Nd7 19. Nd3 {Narayanan,S (2640)-Bartel,M (2618) Bad Mergentheim GER 2025 ½-½ (62)}) 5. Nbd2 $146 ({RR} 5. Bg2 Nf6 6. O-O Bf5 7. Ba3 g6 8. Nh4 Be6 9. Nd2 Bg7 10. e3 Qd7 11. Re1 O-O 12. Nhf3 Bg4 13. Ne5 Bxd1 14. Nxd7 Nfxd7 15. Rexd1 Rfe8 16. c4 e5 17. cxd5 Nxd5 18. Ne4 exd4 19. exd4 Re6 {Kanyamarala,T (2309)-Han,Y (2306) Newcastle 2021 ½-½}) 5... Bf5 6. Nh4 Bg6 7. Nxg6 hxg6 8. Ba3 Nf6 9. Bg2 Nbd7 10. O-O e5 11. Bxf8 Kxf8 12. c4 e4 13. e3 g5 14. b4 g6 15. b5 Kg7 16. bxc6 bxc6 17. Qa4 Nb6 18. Qa6 Qc8 19. Qxc8 Rhxc8 20. Rfc1 Rab8 21. Bf1 Nfd7 22. cxd5 cxd5 23. Ba6 Rxc1+ 24. Rxc1 Na4 25. Rc7 Rb2 26. Nxe4 Nb8 27. Nxg5 Nxa6 28. Rxa7 Rb6 29. Nxf7 Nc3 30. Ne5+ Kg8 31. a3 Nb5 32. Rd7 Nxa3 33. Rxd5 Nc2 34. Rd8+ Kg7 35. Rd7+ Kf6 36. Rf7+ Ke6 37. Rg7 Kf5 38. g4+ Ke4 39. Kg2 Rb2 40. Kg3 Rb1 41. Nf3 Rb6 42. h4 Nab4 43. Ne5 Ra6 44. Rxg6 Ra1 45. Nf3 Nd3 46. Nd2+ Kd5 47. e4+ 1-0

[Event "Salamanca Uni Masters"]
[Site "Salamanca ESP"]
[Date "2022.10.27"]
[Round "3.2"]
[White "Santos Latasa, J."]
[Black "Kosteniuk, A."]
[Result "1-0"]
[WhiteElo "2677"]
[BlackElo "2521"]
[PlyCount "77"]
[EventDate "2022.10.26"]

1. Nf3 d5 2. g3 c6 3. Bg2 Nf6 4. O-O Bg4 5. h3 Bh5 6. c4 e6 7. d4 Nbd7 8. cxd5 exd5 9. Nh4 ({RR} 9. Ne5 Bg6 10. Nc3 Bb4 11. Qb3 a5 12. f4 h6 13. Nxg6 fxg6 14. e4 Qb6 15. exd5 Qxd4+ 16. Kh2 Nc5 17. Qc2 Qd3 18. Qxd3 Nxd3 19. dxc6 O-O-O 20. cxb7+ Kb8 21. Be3 Rhe8 22. Bb6 Rd6 23. Rad1 Bxc3 {Grandelius,N (2656)-Giri,A (2773) Chess.com INT 2022 1-0 (77)}) 9... Bg6 10. Bg5 $146 ({RR} 10. Nc3 Be7 11. f3 O-O 12. Nxg6 fxg6 13. e4 Nh5 14. Ne2 Kh8 15. e5 g5 16. Be3 g6 17. Qd2 Ng7 18. f4 Nf5 19. fxg5 Nxe3 20. Rxf8+ Nxf8 21. Qxe3 Bxg5 22. Qf3 Ne6 23. h4 Bh6 24. Bh3 Qe7 {Kushko,D (2445)-Zakirov,M (2203) chess.com INT 2024 1-0 (64)}) ({RR} 10. Nc3 Bb4 11. Qb3 Qb6 12. Nxg6 hxg6 13. a3 Bd6 14. Qd1 O-O 15. Rb1 Rfe8 16. Qd3 a6 17. b4 Qd8 18. Bg5 Qb8 19. a4 b5 20. a5 Qb7 21. Rfc1 Rac8 22. Rc2 Rc7 23. e4 dxe4 24. Nxe4 Bf8 {Kushko,D (2454)-Ostanin,V (2317) chess.com INT 2025 1-0 (36)}) 10... Qb6 11. Nc3 Qxb2 12. Nxg6 hxg6 13. Qd3 Qa3 14. Rab1 Nb6 15. Rb3 Qd6 16. e4 Qd7 17. Re1 Be7 18. e5 Qe6 19. a4 Ne4 20. Bxe7 Qxe7 21. Bxe4 dxe4 22. Nxe4 O-O 23. Nd6 Rad8 24. Qb1 Rd7 25. a5 Nc8 26. Nxc8 Rxc8 27. e6 fxe6 28. Rbe3 Rd6 29. Qxg6 Qf7 30. Qg4 Rcd8 31. Rxe6 Rxd4 32. Qe2 Qf5 33. Re8+ Rxe8 34. Qxe8+ Qf8 35. a6 bxa6 36. Qxc6 Qd6 37. Qe8+ Kh7 38. Re6 Rd1+ 39. Kh2 1-0

[Event "Titled Tue 25th Oct Early"]
[Site "chess.com INT"]
[Date "2022.10.25"]
[Round "6"]
[White "Matlakov, M."]
[Black "Paravyan, D."]
[Result "1-0"]
[WhiteElo "2662"]
[BlackElo "2589"]
[PlyCount "93"]
[EventDate "2022.10.25"]

1. Nf3 Nf6 2. g3 g6 3. Bg2 Bg7 4. O-O O-O 5. d4 d5 6. c3 Nbd7 7. a4 Re8 ({RR} 7... b6 8. a5 Ba6 9. Bf4 e6 10. Nbd2 c5 11. Re1 Re8 12. Ne5 Nh5 13. axb6 axb6 14. Nxd7 Nxf4 15. gxf4 Qxd7 16. e3 Qd6 17. Qa4 b5 18. Qa5 Bf8 19. Nb3 c4 20. Nc5 Reb8 21. e4 dxe4 22. Bxe4 {Andreikin,D (2729)-So,W (2773) Chess.com INT 2022 ½-½ (32)}) ({RR} 7... a5 8. Na3 c6 9. c4 Nb6 10. b3 Be6 11. Ng5 Bf5 12. Bb2 h6 13. Nf3 Ne4 14. Rc1 g5 15. Ne5 e6 16. f3 Nf6 17. cxd5 exd5 18. Nc2 Nbd7 19. Ne3 Bh7 20. Bh3 Re8 21. Nf5 Nf8 22. e3 {Henriquez Villagra,C (2588)-Corrales Jimenez,F (2545) Medellin COL 2024 ½-½ (79)}) 8. Bf4 a5 9. Na3 c6 10. Rc1 $146 ({RR} 10. c4 Nb6 11. cxd5 Nbxd5 12. Bd2 Ne4 13. Be1 Be6 14. Ne5 Nd6 15. e4 Nb4 16. Bc3 Qb6 17. d5 cxd5 18. exd5 Bf5 19. Re1 Rad8 20. g4 Bc8 21. Bd4 Qa6 22. Bf1 Qa8 23. Bb6 e6 24. Nb5 Nxd5 {Hausrath,D (2491)-Lammens,T (2279) Netherlands 2017 1-0 (45)}) 10... Nh5 11. Bg5 h6 12. Be3 Nhf6 13. h3 Ne4 14. c4 Nd6 15. cxd5 cxd5 16. Bf4 Nb6 17. Bxd6 exd6 18. Nb5 Re7 19. e3 Bd7 20. b3 Bxb5 21. axb5 Qd7 22. Qd3 Ree8 23. h4 h5 24. Kh2 Bf6 25. Bh3 Qe7 26. Rc2 a4 27. bxa4 Rxa4 28. Rfc1 Nc4 29. Nd2 Ra3 30. Rc3 Ra2 31. R1c2 Rxc2 32. Qxc2 Nxd2 33. Qxd2 Qe4 34. Bg2 Qf5 35. Qc2 Qg4 36. Bxd5 Bxh4 37. gxh4 Qxh4+ 38. Kg1 Qg5+ 39. Bg2 h4 40. Rc8 Rxc8 41. Qxc8+ Kg7 42. b6 d5 43. Qxb7 h3 44. Qxd5 Qh4 45. Qe5+ f6 46. Qc7+ Kh6 47. Qf4+ 1-0

[Event "Titled Tue 25th Oct Early"]
[Site "chess.com INT"]
[Date "2022.10.25"]
[Round "11"]
[White "Matlakov, M."]
[Black "Shipov, S."]
[Result "1-0"]
[WhiteElo "2662"]
[BlackElo "2541"]
[PlyCount "113"]
[EventDate "2022.10.25"]

1. Nf3 d5 2. g3 c6 3. Bg2 Bg4 4. O-O Nd7 5. d3 e5 6. Qe1 Ngf6 7. e4 dxe4 8. dxe4 Bc5 9. Nbd2 O-O 10. h3 Bh5 11. Nh4 Re8 12. Nc4 Qc7 13. a4 a5 14. Bd2 b6 15. Bc3 ({RR} 15. Kh1 Nf8 16. f4 exf4 17. Bxf4 Qd7 18. Nf5 Qe6 19. Ncd6 Red8 20. g4 Bg6 21. Nb7 Rd7 22. Nxc5 bxc5 23. Qc3 Rb7 24. Rae1 Rb4 25. Nxg7 Kxg7 26. g5 Kg8 27. Qxf6 Bxe4 28. Bxe4 Rxe4 29. Qxe6 Rxe6 {Movsziszian,K (2434)-Granados Gomez,M (2366) Barcelona ESP 2024 1-0 (43)}) 15... Rad8 $146 ({RR} 15... Nf8 16. Kh1 N6d7 17. f4 exf4 18. gxf4 f6 19. Qg3 Be2 20. Nf5 Ng6 21. b3 Bxf1 22. Rxf1 b5 23. axb5 cxb5 24. e5 bxc4 25. Nxg7 Kxg7 26. exf6+ Nxf6 27. Bxf6+ Kxf6 28. Qc3+ Kf7 29. Bd5+ Ke7 30. Bxa8 {Kovanova,B (2378)-Goryachkina,A (2397) Khanty-Mansiysk 2012 ½-½ (41)}) 16. Nf5 Nf8 17. Kh2 N6d7 18. f3 Ne6 19. Rd1 f6 20. h4 Ndf8 21. Qe2 Bf7 22. b3 Nd4 23. Bxd4 exd4 24. Nb2 Ne6 25. f4 Bf8 26. h5 g6 27. hxg6 hxg6 28. Nh4 Nc5 29. Nd3 Nxe4 30. Bxe4 f5 31. Ne5 fxe4 32. Qxe4 Re6 33. Rde1 Bg7 34. Nhf3 Be8 35. Ng5 Re7 36. Qd3 Qd6 37. Nc4 Qf6 38. Nxb6 c5 39. Qc4+ Kh8 40. Nd5 Rxd5 41. Qxd5 Rxe1 42. Rxe1 Bc6 43. Qf7 Qxf7 44. Nxf7+ Kg8 45. Ne5 Be8 46. Nc4 Bd7 47. Nxa5 Bf5 48. Re2 d3 49. cxd3 Bxd3 50. Rd2 Be4 51. Nc4 Bf6 52. a5 g5 53. a6 gxf4 54. gxf4 Kg7 55. a7 Kg6 56. Re2 Bb7 57. Re8 1-0

[Event "Titled Tue 25th Oct Late"]
[Site "chess.com INT"]
[Date "2022.10.25"]
[Round "4"]
[White "Kollars, Dmitrij"]
[Black "Rustemov, A."]
[Result "1-0"]
[WhiteElo "2612"]
[BlackElo "2525"]
[PlyCount "141"]
[EventDate "2022.10.25"]

1. Nf3 d5 2. g3 Nf6 3. Bg2 c6 4. O-O Bf5 5. d3 e6 6. c4 dxc4 7. dxc4 Qxd1 8. Rxd1 Bc2 9. Rd2 Bg6 10. Ne5 Nbd7 11. Nxg6 hxg6 12. Nc3 Bb4 13. Rc2 a5 14. Bd2 $146 ({RR} 14. b3 Ke7 15. Bb2 Nc5 16. e4 Rhd8 17. e5 Ng4 18. Ne4 Nd3 19. Bc3 Bxc3 20. Rxc3 Ngxe5 21. f4 Ng4 22. c5 Nf6 23. Nd6 Nxc5 24. Nxf7 Kxf7 25. Rxc5 Rd2 26. Re5 a4 27. Bh3 Rd6 28. Rae1 axb3 {Grunberg,M (2401)-Rustemov,A (2525) Chess.com INT 2021 1-0 (55)}) 14... Ke7 15. a3 Bxc3 16. Bxc3 Rhd8 17. b3 Nc5 18. Rb1 a4 19. b4 Nb3 20. Bf3 Rd7 21. Kf1 Rad8 22. Ke1 Nd4 23. Bxd4 Rxd4 24. h4 Nd7 25. e3 Rd3 26. Ra1 Ne5 27. Be2 Rb3 28. c5 Nd3+ 29. Kf1 f5 30. f4 e5 31. Rd2 e4 32. Bd1 Rb2 33. Rc2 Rb3 34. Ke2 Nb2 35. Rd2 Rxd2+ 36. Kxd2 Rd3+ 37. Ke2 Nxd1 38. Rxd1 Rxa3 39. Rd6 Rb3 40. Kd2 a3 41. Kc2 Rxb4 42. Rd1 Rb2+ 43. Kc3 Re2 44. Kd4 a2 45. Ra1 Ke6 46. Kc4 Kd7 47. Kd4 Kc7 48. Kc4 Rxe3 49. Rxa2 Rxg3 50. Kd4 Rg4 51. Ke5 Rxh4 52. Rg2 Rg4 53. Rh2 b5 54. Rh7 b4 55. Rxg7+ Kb8 56. Kd6 b3 57. Kxc6 b2 58. Rb7+ Kc8 59. Rxb2 Rxf4 60. Rh2 Kd8 61. Kd6 Ke8 62. c6 Rf1 63. Rh8+ Kf7 64. c7 Rd1+ 65. Ke5 Rc1 66. c8=Q Rxc8 67. Rxc8 Kg7 68. Kf4 Kh6 69. Rc7 e3 70. Re7 Kh5 71. Rh7# 1-0

[Event "Titled Tue 25th Oct Late"]
[Site "chess.com INT"]
[Date "2022.10.25"]
[Round "5"]
[White "Sanal, V."]
[Black "Ernst, S."]
[Result "1-0"]
[WhiteElo "2595"]
[BlackElo "2538"]
[PlyCount "93"]
[EventDate "2022.10.25"]

1. Nf3 d5 2. b3 Nf6 3. Bb2 g6 4. g3 Bg7 5. Bg2 O-O 6. c4 c6 7. O-O Bg4 8. d3 Nbd7 9. Nbd2 a5 10. a3 ({RR} 10. h3 Bxf3 11. Nxf3 e6 12. e3 Qe7 13. Qe2 Rfd8 14. Rfd1 a4 15. Qc2 Ne8 16. d4 f5 17. Ne5 Nd6 18. Nd3 Ne4 19. Rab1 axb3 20. axb3 g5 21. Ra1 h5 22. Bc3 Qf7 23. Be1 Bf8 24. f3 Nef6 {Oparin,G (2683)-Andreikin,D (2729) Chess.com INT 2022 ½-½ (46)}) 10... e6 ({RR} 10... Re8 11. Ne5 Nxe5 12. Bxe5 Qd7 13. Nf3 Bh3 14. Qc2 Bxg2 15. Kxg2 c5 16. cxd5 Qxd5 17. e4 Qc6 18. Rfc1 Rac8 19. a4 Red8 20. Qc4 Qd7 21. Rd1 Qc6 22. Bc3 b6 23. Ne5 Qe8 24. f4 Nd7 25. Nf3 {Aravindh,C (2662)-Menahem,A (2114) chess.com INT 2024 1-0 (36)}) 11. Qc2 Qb8 12. Rab1 $146 ({RR} 12. Rac1 Rd8 13. Qb1 Qd6 14. Qa1 Qf8 15. Rfe1 Bxf3 16. Nxf3 Ne8 17. Bxg7 Qxg7 18. d4 Nd6 19. Qb2 Qf6 20. Ne5 Nf5 21. Nxd7 Rxd7 22. cxd5 exd5 23. e3 Nd6 24. a4 h5 25. Rc5 Qd8 26. Rec1 Re7 {Klicnar,M (2271)-Konopka,M (2475) Czech Republic 2002 0-1 (39)}) 12... Rc8 13. Rfc1 Bxf3 14. Nxf3 c5 15. e3 b5 16. Qe2 Ra7 17. e4 bxc4 18. bxc4 Rb7 19. cxd5 exd5 20. Rc2 c4 21. Rbc1 Nc5 22. Be5 cxd3 23. Qxd3 dxe4 24. Qd4 Nfd7 25. Bxg7 exf3 26. Bh6 Qe5 27. Qxe5 Nxe5 28. Rxc5 Rxc5 29. Rxc5 Rb1+ 30. Bf1 f6 31. Rc3 g5 32. h4 Kf7 33. hxg5 Kg6 34. Bf8 fxg5 35. Bc5 h5 36. Be3 Ng4 37. Rc6+ Kf5 38. Rc5+ Ke4 39. Bxg5 Ne5 40. Rc1 Rb3 41. Re1+ Kf5 42. Bf4 Ng4 43. Bh3 Rb2 44. Re5+ Kf6 45. Bxg4 hxg4 46. Rxa5 Rb1+ 47. Kh2 1-0

[Event "Titled Tue 25th Oct Late"]
[Site "chess.com INT"]
[Date "2022.10.25"]
[Round "7"]
[White "Deac, Bogdan-Daniel"]
[Black "Rustemov, A."]
[Result "1-0"]
[WhiteElo "2707"]
[BlackElo "2525"]
[PlyCount "87"]
[EventDate "2022.10.25"]

1. Nf3 d5 2. g3 Nf6 3. Bg2 c6 4. O-O Bf5 5. d3 e6 6. c4 dxc4 7. dxc4 Qxd1 8. Rxd1 Bc2 9. Re1 ({RR} 9. Rf1 Nbd7 10. Nc3 Bb4 11. Bd2 a5 12. a3 Bxc3 13. Bxc3 a4 14. Rac1 Be4 15. Rfd1 Ke7 16. Bf1 c5 17. Ne1 Bc6 18. f3 Rhd8 19. Nd3 b6 20. Kf2 Ne8 21. e4 Bb7 22. Ke3 Ba6 23. h4 Rac8 {Carlsen,M (2832)-Grischuk,A (2761) Paris 2017 0-1 (86)}) 9... Bb4 ({RR} 9... a5 10. Nc3 Bb4 11. Bd2 Bg6 12. a3 Be7 13. Ne5 Nbd7 14. Nxg6 hxg6 15. b4 Nb6 16. c5 Nbd5 17. Nxd5 Nxd5 18. e4 Nc7 19. Bf4 Nb5 20. Bf1 a4 21. Bxb5 cxb5 22. Red1 Rd8 23. Bd6 f6 24. f4 {Shohat,Y (2398)-Rustemov,A (2525) chess.com INT 2024 0-1 (61)}) 10. Bd2 a5 11. Rc1 $146 ({RR} 11. Nc3 Nbd7 12. Rec1 Bg6 13. a3 Bd6 14. b4 {½-½ (14) Arencibia Rodriguez,W (2534)-Legky,N (2498) Guelph 2002}) 11... Bg6 12. Bf4 Nbd7 13. Nc3 Ke7 14. a3 Bd6 15. Bxd6+ Kxd6 16. b4 Kc7 17. b5 e5 18. c5 e4 19. Nd4 Rhd8 20. bxc6 bxc6 21. e3 Ne5 22. Nce2 Nd3 23. Rc2 Rab8 24. Nf4 Ne5 25. Nxg6 hxg6 26. h3 Nd3 27. g4 Rd5 28. Bf1 Rxc5 29. Bxd3 Rxc2 30. Bxc2 c5 31. Nb3 Kd6 32. Nxa5 g5 33. Rd1+ Kc7 34. Nc4 Re8 35. a4 Re6 36. a5 Nd7 37. Bb3 Nb8 38. Nb6 Re8 39. Bxf7 Rf8 40. Bg6 Nc6 41. Rd7+ Kb8 42. Bxe4 Nxa5 43. Rxg7 c4 44. Nd7+ 1-0

[Event "Asian Continental Blitz"]
[Site "Delhi IND"]
[Date "2022.11.03"]
[Round "5.4"]
[White "Aravindh, Chithambaram VR."]
[Black "Yakubboev, Nodirbek"]
[Result "1-0"]
[WhiteElo "2625"]
[BlackElo "2667"]
[PlyCount "63"]
[EventDate "2022.11.03"]
[EventType "blitz"]

1. Nf3 Nf6 2. b3 g6 3. Bb2 Bg7 4. g3 O-O 5. Bg2 c5 6. c4 d6 7. O-O e5 8. Nc3 Nc6 9. d3 h6 10. a3 a5 ({RR} 10... Be6 11. b4 cxb4 12. axb4 Nxb4 13. Ba3 a5 14. Rb1 d5 15. Bxb4 axb4 16. Rxb4 dxc4 17. dxc4 Qa5 18. Qb3 Nd7 19. Rb5 Qa3 20. Qxa3 Rxa3 21. Nd5 Ra2 22. e3 Rc2 23. Rxb7 Rxc4 24. Nd2 Rc2 25. Ne4 {Kramnik,V (2753)-Firouzja,A (2723) Moscow 2019 1-0 (56)}) ({RR} 10... Be6 11. Ne1 d5 12. cxd5 Nxd5 13. Qd2 Nd4 14. Nxd5 Nxb3 15. Qc3 Nxa1 16. e4 Bxd5 17. exd5 f5 18. Bxa1 Qd6 19. Nc2 b5 20. a4 a6 21. Re1 Bf6 22. Qb3 Rab8 23. axb5 axb5 24. Ne3 h5 25. h4 {Bus,T (2104)-Morris-Suzuki,A (1863) chess.com INT 2025 1-0 (37)}) 11. Nd2 Be6 ({RR} 11... Rb8 12. Nde4 Ne8 13. Nd5 b5 14. Rb1 b4 15. axb4 axb4 16. e3 Ne7 17. Nd2 Nxd5 18. cxd5 Nc7 19. Nc4 Bb7 20. e4 Nb5 21. Ra1 Bc8 22. Kh1 h5 23. f4 exf4 24. Bxg7 Kxg7 25. gxf4 Nd4 26. Ra7 {Nogerbek,K (2468)-Yakubboev,N (2647) Almaty KAZ 2022 1-0 (73)}) 12. Nd5 Rb8 13. e3 $146 ({RR} 13. Bc3 h5 14. b4 axb4 15. axb4 Bxd5 16. cxd5 Nxb4 17. Bxb4 cxb4 18. Ra4 b5 19. Rxb4 Qa5 20. Qb1 Rfc8 21. Nc4 Qxb4 22. Qxb4 bxc4 23. Qc3 e4 24. dxc4 Nxd5 25. Qc2 {½-½ (25) Shalamberidze,A (2347)-Torosyan,N (2369) Yerevan 2022}) 13... Ne8 14. Qc2 f5 15. f4 Nf6 16. Rae1 Qd7 17. Nb1 b5 18. Nbc3 bxc4 19. bxc4 Ne7 20. Nxe7+ Qxe7 21. Nb5 Bd7 22. a4 Kh7 23. Bc3 Qd8 24. fxe5 dxe5 25. Bxe5 Rc8 26. Nd6 Ra8 27. Nb7 Qe8 28. Bd6 Bxa4 29. Qa2 Rf7 30. Bxc5 Bf8 31. Bxf8 Qxf8 32. Qxa4 1-0